| 000 | 01493nam a2200373 i 4500 | ||
|---|---|---|---|
| 001 | 194935 | ||
| 003 | SpMaBN | ||
| 005 | 20250716034718.0 | ||
| 007 | ta | ||
| 008 | 240522s1932 sp f spa | ||
| 016 | 7 |
_abimoBNE20000953603 _zIND2000895932 _2SpMaBN |
|
| 035 | _a(OCoLC)733570573 | ||
| 035 | _abimo0001514303 | ||
| 040 |
_aSpMaBN _bspa _cCDM _dSpMaBN _eES-MaACL |
||
| 080 | _a821.161.1-31"18" | ||
| 100 | 1 |
_aTurguenev, Ivan Sergueevich, _d1818-1883 _0XX944874 _9133416 |
|
| 245 | 1 | 0 |
_aAnuchka, la joven rebelde : _b(novela romantica) / _cpor Ivan Turgueniev. |
| 260 |
_aMadrid : _bRevista Literaria "Novelas y cuentos", _c1932. |
||
| 300 |
_a23 p. ; _c29 cm |
||
| 336 |
_2rdacontent _atexto |
||
| 337 |
_2rdamedia _asin mediación |
||
| 338 |
_2rdacarrier _avolumen |
||
| 490 | 1 |
_aRevista literaria "Novelas y cuentos" ; _vaño 4, n. 188 |
|
| 500 | _aIncluye (p. 14-23): El brigadier ; Pequeños poemas en prosa | ||
| 655 | 0 |
_9233957 _aNovelas románticas |
|
| 773 |
_0194867 _9202503 _gG-15982 _aObras encuadernadas juntas |
||
| 830 | 0 |
_aRevista literaria "Novelas y cuentos" _vaño 4, n. 188 _9236217 |
|
| 852 |
_aES-MaACL _cDEPO2 _jG-15982(17) _hLegado: Juan Antonio Porto _xEncuadernado con otras obras formando un volumen facticio _9202503 |
||
| 903 |
_993285 _aPorto, Juan Antonio, _q1 _d1937-2021 _ednr |
||
| 942 |
_n0 _cFOLLETOS |
||
| 999 |
_c194935 _d194935 |
||